000 00679nam a2200241Ia 4500
003 OSt
005 20220925205813.0
006 a|||||r|||| 00| 0
007 ta
008 220923b |||||||| |||| 00| 0 eng d
020 _a8178000040
037 _cGeneral Book
040 _aRTL
_cRTL
_beng
041 _2eng
_aeng
082 _aU67155.2.P, P0
100 _aRao K V Seshagiri
_9271074
245 0 _aWatersheds
_b Compredhensive development
260 _aHyderabad
_bBSP BS Publications India
_c2000
300 _axxiii,367p.
_ccm.
650 _aGeography
942 _hU67155.2.P, P0
_cGB
_2CC
999 _c553267
_d553267